000
00277nam a22001337a 4500
008
210302b ||||| |||| 00| 0 eng d
020
_a
9781601520494
041
_a
eng
080
_a
573
100
_a
11
101
_a
BIO
245
_a
Cloning
_c
Roleff,L.T
942
_2
udc
_c
BK
999
_c
55478
_d
55478